[Event "DEM U14 2011"]
[Site "Oberhof GER"]
[Date "2011.06.18"]
[Round "9"]
[White "Xiong, Ferdinand"]
[Black "Kramer, Julian"]
[Result "0-1"]
[Termination "normal"]
[Board "11"]
[WhiteElo "1926"]
[BlackElo "1946"]
[PlyCount "100"]
[WhiteFideId "24654132"]
[BlackFideId "12921742"]
[EventCountry "GER"]
[EventRounds "9"]
[EventType "swiss"]
[EventDate "2011.06.11"]

1. e4 c5 2. Nf3 d6 3. d4 cxd4 4. Nxd4 Nf6 5. Nc3 a6 6. Bg5 e6 7. f4 Qb6 8. Nb3
Nbd7 9. Qf3 Qc7 10. O-O-O Be7 11. Bd3 b5 12. a3 Rb8 13. Rhe1 Bb7 14. Qg3 h6 15.
Bh4 g5 16. fxg5 Nh5 17. Qe3 Rg8 18. Kb1 hxg5 19. Bf2 Ne5 20. Bxb5+ axb5 21.
Nxb5 Qc8 22. Qh3 Nf6 23. Ba7 Bxe4 24. Bxb8 Bxc2+ 25. Ka2 Bxd1 26. Nxd6+ Bxd6
27. Bxd6 Bg4 28. Qh6 Ned7 29. Rc1 Qa8 30. Bb4 Nd5 31. Bd2 Qd8 32. Qh7 N7f6 33.
Qc2 Ne7 34. Ba5 Qd7 35. Nc5 Qd5+ 36. Ka1 Kf8 37. Bb4 Kg7 38. Bc3 e5 39. b4 Ra8
40. Qb2 Ng6 41. Re1 Kh6 42. a4 Nd7 43. Qa3 Nxc5 44. bxc5 Be6 45. g3 Rb8 46. h4
Rb3 47. hxg5+ Kg7 48. Bxe5+ Nxe5 49. Qc1 Qd4+ 50. Ka2 Qxa4+ 0-1

[Event "DEM U14 2011"]
[Site "Oberhof GER"]
[Date "2011.06.18"]
[Round "9"]
[White "Wachinger, David"]
[Black "Glatzel, Jonas"]
[Result "0-1"]
[Termination "normal"]
[Board "12"]
[WhiteElo "1690"]
[BlackElo "1863"]
[PlyCount "72"]
[WhiteFideId "24692689"]
[BlackFideId "12937800"]
[EventCountry "GER"]
[EventRounds "9"]
[EventType "swiss"]
[EventDate "2011.06.11"]

1. d4 Nf6 2. c4 g6 3. Nc3 Bg7 4. Nf3 d6 5. g3 O-O 6. Bg2 Nc6 7. O-O a6 8. Re1
Rb8 9. d5 Na5 10. Qd3 c5 11. e4 Bg4 12. Nd2 b5 13. cxb5 axb5 14. f3 Bd7 15. f4
c4 16. Qf1 b4 17. Nd1 c3 18. Nb3 Bb5 19. Qf3 Rc8 20. bxc3 bxc3 21. Be3 c2 22.
Nf2 Nxb3 23. axb3 Nd7 24. Ra2 Rc3 25. e5 dxe5 26. Ne4 Rc7 27. Rc1 Qc8 28. d6
exd6 29. Nxd6 Qb8 30. Nxb5 Qxb5 31. Raxc2 Rxc2 32. Rxc2 Qxb3 33. Rc7 exf4 34.
Qxf4 Be5 35. Qh6 Bxc7 36. Qg5 Bb6 0-1

[Event "DEM U14 2011"]
[Site "Oberhof GER"]
[Date "2011.06.18"]
[Round "9"]
[White "Klesen, Jonas"]
[Black "Berkov, Mikhail"]
[Result "1/2-1/2"]
[Termination "normal"]
[Board "13"]
[WhiteElo "1233"]
[BlackElo "1782"]
[PlyCount "29"]
[BlackFideId "24678783"]
[EventCountry "GER"]
[EventRounds "9"]
[EventType "swiss"]
[EventDate "2011.06.11"]

1. e4 c5 2. Nf3 e6 3. d4 cxd4 4. Nxd4 a6 5. c4 Bb4+ 6. Nc3 Nf6 7. Bd3 Nc6 8.
Nde2 O-O 9. O-O Ne5 10. Bg5 h6 11. Bh4 Ng6 12. Bg3 b6 13. a3 Be7 14. Qc2 d6 15.
Rad1 1/2-1/2

[Event "DEM U14 2011"]
[Site "Oberhof GER"]
[Date "2011.06.18"]
[Round "9"]
[White "Myagkov, Kirill"]
[Black "Ewert, Paul"]
[Result "0-1"]
[Termination "normal"]
[Board "14"]
[WhiteElo "1833"]
[BlackElo "1661"]
[PlyCount "50"]
[WhiteFideId "24657042"]
[EventCountry "GER"]
[EventRounds "9"]
[EventType "swiss"]
[EventDate "2011.06.11"]

1. e4 e5 2. Nf3 Nc6 3. Bc4 Nf6 4. Ng5 d5 5. exd5 Na5 6. Bb5+ c6 7. dxc6 bxc6 8.
Bd3 Be7 9. Ne4 Nd5 10. O-O O-O 11. Qh5 f5 12. Nec3 Nf4 13. Qd1 Bd6 14. Ne2 Nxg2
15. Kxg2 e4 16. Bxe4 fxe4 17. d3 Qh4 18. Ng3 Qh3+ 19. Kg1 Bg4 20. f3 Bxg3 21.
Qd2 e3 22. Qg2 Bf2+ 23. Rxf2 exf2+ 24. Qxf2 Rxf3 25. Qe2 Rg3+ 0-1

[Event "DEM U14w 2011"]
[Site "Oberhof GER"]
[Date "2011.06.12"]
[Round "1"]
[White "Bluhm, Sonja Maria"]
[Black "Koch, Elisabeth"]
[Result "0-1"]
[Termination "normal"]
[Board "1"]
[WhiteElo "1867"]
[BlackElo "1538"]
[PlyCount "106"]
[WhiteFideId "24654027"]
[BlackFideId "24695068"]
[EventCountry "GER"]
[EventRounds "9"]
[EventType "swiss"]
[EventDate "2011.06.11"]

1. e4 e5 2. Nf3 Nc6 3. Bc4 Nf6 4. d3 Bc5 5. c3 d6 6. Bb3 O-O 7. Bg5 h6 8. Bh4
a6 9. Nbd2 Ba7 10. h3 Be6 11. Bc2 Qe7 12. Qe2 b5 13. g4 g5 14. Bg3 b4 15. c4
Nd4 16. Nxd4 Bxd4 17. Rb1 Kg7 18. f3 Nd7 19. Nb3 Bb6 20. Kd2 a5 21. Rbf1 a4 22.
Nc1 Bd4 23. b3 Bc3+ 24. Kd1 axb3 25. axb3 Ra1 26. Be1 Bb2 27. Bd2 Rfa8 28. Rh2
Nf8 29. h4 Rxc1+ 30. Bxc1 Ra1 31. Bb1 Rxb1 32. Kc2 Rxc1+ 33. Rxc1 Bxc1 34. Kxc1
gxh4 35. Kc2 Ng6 36. Qf2 c5 37. Rh1 Qa7 38. Kb1 Qa3 39. Qb2 Qxb2+ 40. Kxb2 Kf6
41. Kc2 Kg5 42. Kd2 Kf4 43. Ke2 Kg3 44. Rg1+ Kh2 45. Kf2 Nf4 46. Rd1 Nh3+ 47.
Ke3 Kg3 48. Rh1 Nf4 49. Rg1+ Ng2+ 50. Ke2 h3 51. Rh1 Nf4+ 52. Ke3 h2 53. Ra1
Nh3 0-1

[Event "DEM U14w 2011"]
[Site "Oberhof GER"]
[Date "2011.06.12"]
[Round "1"]
[White "Weber, Sandra"]
[Black "Heinemann, Josefine"]
[Result "1/2-1/2"]
[Termination "normal"]
[Board "2"]
[WhiteElo "1624"]
[BlackElo "1716"]
[PlyCount "95"]
[WhiteFideId "1270049"]
[BlackFideId "12900460"]
[EventCountry "GER"]
[EventRounds "9"]
[EventType "swiss"]
[EventDate "2011.06.11"]

1. e4 c5 2. Nf3 d6 3. d4 cxd4 4. Nxd4 Nf6 5. Nc3 a6 6. Be2 e6 7. O-O Be7 8. Kh1
O-O 9. f4 Nbd7 10. Bd3 Qc7 11. a4 b6 12. Qf3 Bb7 13. f5 e5 14. Nb3 Rfe8 15. g4
h6 16. Rg1 Nh7 17. Qg3 Qd8 18. Be3 Bh4 19. Qh3 Bg5 20. Bxg5 Nxg5 21. Qg2 Nh7
22. Nd5 Bxd5 23. exd5 Ndf6 24. Nd2 Nd7 25. Ne4 Nc5 26. Nxc5 bxc5 27. Rae1 Ra7
28. Re3 Qe7 29. Rge1 Rb8 30. b3 Rb4 31. Bc4 Nf8 32. Rg3 Nh7 33. Re2 Rb8 34.
Rge3 Qg5 35. Qg3 Nf6 36. Rg2 h5 37. gxh5 Qxg3 38. Rexg3 Nxh5 39. Rg5 Nf6 40.
Rxg7+ Kh8 41. R7g5 Rg8 42. h4 Rxg5 43. hxg5 Nd7 44. g6 Kg7 45. gxf7+ Kxf7 46.
Rg6 Nf6 47. Kg2 Ra8 48. Kg3 1/2-1/2

[Event "DEM U14w 2011"]
[Site "Oberhof GER"]
[Date "2011.06.12"]
[Round "1"]
[White "Schwarz, Larissa"]
[Black "Lemke, Berfîn"]
[Result "1-0"]
[Termination "normal"]
[Board "3"]
[WhiteElo "1748"]
[BlackElo "1592"]
[PlyCount "119"]
[WhiteFideId "24699004"]
[BlackFideId "1270578"]
[EventCountry "GER"]
[EventRounds "9"]
[EventType "swiss"]
[EventDate "2011.06.11"]

1. e4 c5 2. Nc3 d6 3. f4 e6 4. Nf3 Nc6 5. Bb5 Nge7 6. O-O g6 7. d3 Bg7 8. Be3
a6 9. Bxc6+ Nxc6 10. e5 b6 11. exd6 Qxd6 12. Ne4 Qd8 13. c3 O-O 14. Qe2 Bb7 15.
Rad1 Qc7 16. Nfd2 Ne7 17. Nc4 Nf5 18. Bf2 Rfd8 19. g4 Ne7 20. Bh4 Bxe4 21. Qxe4
Re8 22. Bxe7 Qxe7 23. Nxb6 Rab8 24. Nc4 Qh4 25. Qf3 Qe7 26. Rde1 Qc7 27. f5
exf5 28. gxf5 f6 29. Qd5+ Kf8 30. fxg6 hxg6 31. Nd6 Re7 32. Rxe7 Qxe7 33. Qxc5
Kg8 34. Rf2 Qe1+ 35. Kg2 Qe6 36. Qc4 Qxc4 37. Nxc4 Rd8 38. Rd2 Kf7 39. Kf3 Bh6
40. Rd1 f5 41. d4 Ke6 42. Ne3 g5 43. d5+ Kf6 44. h3 Bf8 45. c4 Bc5 46. Nc2 a5
47. b3 Rh8 48. Kg3 f4+ 49. Kg2 Rd8 50. a3 Re8 51. Kf3 Rh8 52. Rh1 Rb8 53. Rb1
Rh8 54. Kg2 Re8 55. Re1 Rxe1 56. Nxe1 Ke5 57. Nd3+ Kd4 58. Nxc5 Kxc5 59. Kf3
Kd6 60. h4 1-0

[Event "DEM U14w 2011"]
[Site "Oberhof GER"]
[Date "2011.06.12"]
[Round "1"]
[White "Gaßmann, Linda"]
[Black "Diederichs, Luise"]
[Result "1/2-1/2"]
[Termination "normal"]
[Board "4"]
[WhiteElo "1799"]
[BlackElo "1699"]
[PlyCount "78"]
[WhiteFideId "12900451"]
[BlackFideId "24661597"]
[EventCountry "GER"]
[EventRounds "9"]
[EventType "swiss"]
[EventDate "2011.06.11"]

1. e4 c6 2. d4 d5 3. exd5 cxd5 4. Bd3 Nc6 5. c3 Qc7 6. Ne2 Bg4 7. f3 Bd7 8. O-O
e5 9. Kh1 Bd6 10. dxe5 Nxe5 11. f4 Nxd3 12. Qxd3 Ne7 13. Nd2 O-O 14. Nb3 Rfe8
15. Nbd4 a6 16. Bd2 Nc6 17. Qf3 Nxd4 18. Nxd4 Re4 19. Rae1 Rae8 20. Rxe4 dxe4
21. Qe3 Qc4 22. Ra1 Bc5 23. b3 Qd5 24. Re1 Bc6 25. Bc1 Bxd4 26. cxd4 Rc8 27.
Bd2 Rd8 28. Bc3 f5 29. Rd1 Bb5 30. Rc1 Bd3 31. Kg1 Qb5 32. Bd2 Qd7 33. Bc3 Rc8
34. Kf2 Qe7 35. g3 Qa3 36. Qd2 Re8 37. Ke3 Qd6 38. Bb4 Qd7 39. Qc3 Rd8 1/2-1/2

[Event "DEM U14w 2011"]
[Site "Oberhof GER"]
[Date "2011.06.12"]
[Round "1"]
[White "Böhm, Jana"]
[Black "Petermann, Tessa"]
[Result "1-0"]
[Termination "normal"]
[Board "5"]
[WhiteElo "1743"]
[BlackElo "1358"]
[PlyCount "55"]
[WhiteFideId "24661589"]
[BlackFideId "12929492"]
[EventCountry "GER"]
[EventRounds "9"]
[EventType "swiss"]
[EventDate "2011.06.11"]

1. e4 c5 2. c3 d6 3. d4 cxd4 4. cxd4 Nf6 5. Nc3 g6 6. Nf3 Nbd7 7. Bc4 Qc7 8.
Bb3 Bg7 9. O-O O-O 10. Qd3 a6 11. a4 b6 12. Bg5 Bb7 13. Rac1 Qd8 14. Rfd1 h6
15. Bf4 b5 16. e5 Nh5 17. Qe3 Nxf4 18. Qxf4 Bxf3 19. gxf3 b4 20. Ne4 g5 21. Qe3
Qb8 22. e6 Nb6 23. exf7+ Kh8 24. Ng3 Ra7 25. Qe6 a5 26. Nf5 Bf6 27. Nxe7 Rxe7
28. Qxf6+ 1-0

[Event "DEM U14w 2011"]
[Site "Oberhof GER"]
[Date "2011.06.12"]
[Round "1"]
[White "Reksten, Anne"]
[Black "Siegl, Melina"]
[Result "1/2-1/2"]
[Termination "normal"]
[Board "6"]
[WhiteElo "1358"]
[BlackElo "1665"]
[PlyCount "94"]
[WhiteFideId "24692778"]
[BlackFideId "1272126"]
[EventCountry "GER"]
[EventRounds "9"]
[EventType "swiss"]
[EventDate "2011.06.11"]

1. c4 f5 2. g3 e5 3. Bg2 Nf6 4. Nc3 g6 5. d4 e4 6. e3 Nc6 7. a3 d6 8. b4 Bd7 9.
Rb1 Bg7 10. Nge2 O-O 11. Nf4 Kh8 12. h4 Ne7 13. c5 dxc5 14. bxc5 b6 15. cxb6
cxb6 16. Qb3 Rc8 17. Bd2 Be8 18. Ne6 Bf7 19. Nxd8 Bxb3 20. Rxb3 Rfxd8 21. O-O
Ned5 22. Rc1 Nxc3 23. Rbxc3 Rxc3 24. Rxc3 Nd5 25. Rc6 Bf8 26. Bc1 Rd6 27. Rxd6
Bxd6 28. Bb2 b5 29. Bf1 a6 30. Be2 Nb6 31. Kf1 Na4 32. Bc1 Nc3 33. Ke1 Nxe2 34.
Kxe2 Kg7 35. Kd2 b4 36. axb4 Bxb4+ 37. Ke2 Kf6 38. Bd2 Bd6 39. Ba5 Ke6 40. Kd2
Kd5 41. Kc3 h6 42. Bb4 Bc7 43. Bc5 a5 44. Kb3 g5 45. hxg5 hxg5 46. Be7 g4 47.
Kc3 Ke6 1/2-1/2

[Event "DEM U14w 2011"]
[Site "Oberhof GER"]
[Date "2011.06.12"]
[Round "1"]
[White "Lagunow, Elina"]
[Black "Rahimi, Anita"]
[Result "0-1"]
[Termination "time forfeit"]
[Board "7"]
[WhiteElo "1738"]
[BlackElo "1341"]
[PlyCount "72"]
[WhiteFideId "4673387"]
[BlackFideId "24692336"]
[EventCountry "GER"]
[EventRounds "9"]
[EventType "swiss"]
[EventDate "2011.06.11"]

1. Nf3 d5 2. g3 Nf6 3. Bg2 Bf5 4. O-O e6 5. d3 c5 6. c4 Be7 7. Nc3 Nc6 8. Qb3
Qd7 9. Rd1 Na5 10. Qb5 Qxb5 11. Nxb5 O-O 12. Bd2 Nc6 13. Nh4 Bg6 14. Nxg6 hxg6
15. Bg5 Rad8 16. Rac1 b6 17. d4 a6 18. cxd5 exd5 19. Nc3 Nxd4 20. e3 Ne6 21.
Bxf6 Bxf6 22. Nxd5 b5 23. Nxf6+ gxf6 24. Bb7 a5 25. Kf1 Kg7 26. Ke2 Rh8 27. h4
g5 28. Rh1 Kg6 29. h5+ Rxh5 30. Be4+ Kh6 31. Rxh5+ Kxh5 32. Rh1+ Kg4 33. f3+
Kxg3 34. Rh6 Rd6 35. Rh7 Nd8 36. Kf1 Rd2 0-1

[Event "DEM U14w 2011"]
[Site "Oberhof GER"]
[Date "2011.06.12"]
[Round "1"]
[White "Denz, Annika"]
[Black "Srokovskiy, Andrea"]
[Result "0-1"]
[Termination "normal"]
[Board "8"]
[WhiteElo "1261"]
[BlackElo "1749"]
[PlyCount "90"]
[WhiteFideId "12922935"]
[BlackFideId "4624947"]
[EventCountry "GER"]
[EventRounds "9"]
[EventType "swiss"]
[EventDate "2011.06.11"]

1. e4 c5 2. Nf3 a6 3. a4 Nc6 4. Bc4 e6 5. Nc3 d6 6. O-O Nf6 7. d3 Be7 8. Bg5
O-O 9. h3 b6 10. Qe2 Qc7 11. Rfe1 Nd4 12. Nxd4 cxd4 13. e5 dxe5 14. Ne4 Nd5 15.
Bxe7 Qxe7 16. Ng3 f6 17. Nf5 Qd7 18. Qf3 Bb7 19. Ng3 Ne3 20. Qe2 Nxg2 21. Rf1
Bd5 22. Bxd5 Qxd5 23. Qg4 Nf4 24. Ne2 Nxe2+ 25. Qxe2 Rac8 26. Kh2 Rc7 27. Qd2
Rfc8 28. Rac1 Qd7 29. Rg1 Qxa4 30. Qh6 Kh8 31. Qd2 Rxc2 32. Rxc2 Rxc2 33. Qe1
Rxb2 34. Kg3 Qc2 35. Rg2 Qxd3+ 36. Kh2 Qd2 37. Qf1 d3 38. Qg1 Qf4+ 39. Kh1 g5
40. h4 Qxh4+ 41. Rh2 Qe4+ 42. Rg2 d2 43. f3 Qxf3 44. Kh2 d1=Q 45. Qxd1 Qxg2#
0-1

[Event "DEM U14w 2011"]
[Site "Oberhof GER"]
[Date "2011.06.12"]
[Round "1"]
[White "Mehling, Katharina"]
[Black "Rosmait, Emily"]
[Result "0-1"]
[Termination "normal"]
[Board "9"]
[WhiteElo "1644"]
[BlackElo "1253"]
[PlyCount "110"]
[WhiteFideId "12900362"]
[BlackFideId "12937754"]
[EventCountry "GER"]
[EventRounds "9"]
[EventType "swiss"]
[EventDate "2011.06.11"]

1. e4 e5 2. Nf3 Nc6 3. d4 exd4 4. Nxd4 Bc5 5. Be3 Qf6 6. Nb5 Bd6 7. Nxd6+ cxd6
8. Nc3 Nge7 9. Bc4 O-O 10. O-O b6 11. f3 Bb7 12. Qd2 Ne5 13. Bb3 h6 14. Rad1
N7g6 15. Qxd6 Qh4 16. Bd4 Rfe8 17. Nd5 Bxd5 18. Qxd5 Nf4 19. Qb5 Qg5 20. Bxf7+
Kxf7 21. Qb3+ Kg6 22. g3 Ne2+ 23. Kh1 Qh5 24. Kg2 Nxd4 25. Rxd4 Rad8 26. Rd5
Kh7 27. Qc3 d6 28. f4 Qe2+ 29. Kg1 Ng4 30. Rd2 Qxe4 31. Qa3 Qe3+ 32. Qxe3 Rxe3
33. Rfd1 Re6 34. h3 Ne3 35. Re1 Nc4 36. Rxe6 Nxd2 37. f5 Nf3+ 38. Kg2 Nd4 39.
Re7 Nxf5 40. Rxa7 Ne3+ 41. Kf2 Nxc2 42. Rb7 Nb4 43. a3 Nd3+ 44. Ke2 Nxb2 45.
Rxb6 Nc4 46. Ra6 d5 47. Kd3 Rd6 48. Rxd6 Nxd6 49. a4 Kg6 50. Kd4 Nc4 51. g4 Kg5
52. Kc5 Kh4 53. Kxd5 Nb6+ 54. Ke4 Nxa4 55. Kf5 g5 0-1

[Event "DEM U14w 2011"]
[Site "Oberhof GER"]
[Date "2011.06.12"]
[Round "1"]
[White "Paliy, Margaryta"]
[Black "Zahn, Alina"]
[Result "1/2-1/2"]
[Termination "normal"]
[Board "10"]
[WhiteElo "1237"]
[BlackElo "1599"]
[PlyCount "135"]
[WhiteFideId "24692417"]
[BlackFideId "24696730"]
[EventCountry "GER"]
[EventRounds "9"]
[EventType "swiss"]
[EventDate "2011.06.11"]

1. e4 e5 2. Nf3 Nc6 3. Nc3 Nf6 4. Bb5 Bb4 5. d3 d6 6. O-O O-O 7. Bg5 Bxc3 8.
bxc3 Qe7 9. Bxc6 bxc6 10. Re1 c5 11. h3 Be6 12. d4 cxd4 13. cxd4 Rfd8 14. Qe2
h6 15. Bh4 exd4 16. Nxd4 Bd7 17. e5 dxe5 18. Qxe5 Qxe5 19. Rxe5 g5 20. Bg3 Ba4
21. Nb3 Rd5 22. Re7 c5 23. Re5 c4 24. Rxd5 Nxd5 25. Nd2 c3 26. Nb3 Nb4 27. Nd4
Rc8 28. Be5 Bxc2 29. Nxc2 Nxc2 30. Rc1 Nb4 31. Rxc3 Rxc3 32. Bxc3 Nxa2 33. Bd2
Kf8 34. h4 f6 35. hxg5 hxg5 36. f3 Ke8 37. Kf2 Kd7 38. Ke3 Ke6 39. Kd3 a5 40.
Bxa5 Nc1+ 41. Ke3 Nb3 42. Bc3 Nc5 43. g3 Nd7 44. Bd4 Ne5 45. Bxe5 Kxe5 46. f4+
gxf4+ 47. gxf4+ Kd5 48. Kd3 f5 49. Ke3 Kc4 50. Kf2 Kd4 51. Kf3 Kd3 52. Kf2 Ke4
53. Kg3 Ke3 54. Kg2 Kxf4 55. Kf2 Ke4 56. Ke2 f4 57. Kf2 f3 58. Kf1 Ke5 59. Kf2
Kf4 60. Kf1 Kg3 61. Kg1 Kh4 62. Kf2 Kg4 63. Kf1 Kh3 64. Kf2 Kg4 65. Kf1 Kg3 66.
Kg1 f2+ 67. Kf1 Kg4 68. Kxf2 1/2-1/2

[Event "DEM U14w 2011"]
[Site "Oberhof GER"]
[Date "2011.06.12"]
[Round "1"]
[White "Nitzsche, Pia"]
[Black "Genath, Maren"]
[Result "1-0"]
[Termination "normal"]
[Board "11"]
[WhiteElo "1590"]
[BlackElo "1225"]
[PlyCount "49"]
[WhiteFideId "12900370"]
[EventCountry "GER"]
[EventRounds "9"]
[EventType "swiss"]
[EventDate "2011.06.11"]

1. c4 e5 2. Nc3 Nc6 3. g3 Bb4 4. Bg2 Nge7 5. a3 Bxc3 6. bxc3 d6 7. Nf3 f6 8. d3
Be6 9. O-O Qd7 10. Re1 O-O-O 11. Qa4 b6 12. Qa6+ Kb8 13. Rb1 Na5 14. Qxa5 Nc6
15. Qb5 Kb7 16. Nd2 a6 17. Qa4 d5 18. cxd5 Bxd5 19. Bxd5 Qxd5 20. Qe4 Qe6 21.
Nb3 Ka7 22. Be3 f5 23. Qa4 Qd6 24. Nd2 Kb7 25. Nc4 1-0

[Event "DEM U14w 2011"]
[Site "Oberhof GER"]
[Date "2011.06.12"]
[Round "1"]
[White "Krein, Jana"]
[Black "Halas, Lena"]
[Result "1-0"]
[Termination "normal"]
[Board "12"]
[WhiteElo "1213"]
[BlackElo "1558"]
[PlyCount "71"]
[WhiteFideId "12937762"]
[BlackFideId "12931799"]
[EventCountry "GER"]
[EventRounds "9"]
[EventType "swiss"]
[EventDate "2011.06.11"]

1. e4 c6 2. Nc3 d5 3. d4 dxe4 4. Nxe4 Bf5 5. Bd3 Qxd4 6. Nf3 Qd5 7. Nc3 Qa5 8.
O-O Nf6 9. Bf4 Bxd3 10. Qxd3 Nbd7 11. Rad1 e6 12. a3 Rd8 13. h3 Be7 14. Qe2 O-O
15. Ne4 Rfe8 16. Nfd2 Nd5 17. Bd6 Bf6 18. Nc4 Qb5 19. b3 b6 20. a4 Qa6 21. Qf3
b5 22. axb5 cxb5 23. Ne3 Ne5 24. Nxf6+ gxf6 25. Bxe5 Nxe3 26. Qxe3 fxe5 27.
Qxe5 Rxd1 28. Rxd1 Qc6 29. c3 h6 30. Qf6 a5 31. Rd3 a4 32. Qxh6 Qc7 33. Rg3+
Qxg3 34. fxg3 a3 35. Qg5+ Kf8 36. Qc5+ 1-0

[Event "DEM U14w 2011"]
[Site "Oberhof GER"]
[Date "2011.06.12"]
[Round "1"]
[White "Bosse, Lea"]
[Black "Klinge, Alexandra"]
[Result "1-0"]
[Termination "normal"]
[Board "13"]
[WhiteElo "1541"]
[BlackElo "1127"]
[PlyCount "49"]
[WhiteFideId "12900419"]
[EventCountry "GER"]
[EventRounds "9"]
[EventType "swiss"]
[EventDate "2011.06.11"]

1. e4 e5 2. Nf3 Nc6 3. d4 exd4 4. Bc4 Bc5 5. c3 Qf6 6. O-O Nge7 7. Re1 d6 8.
Bg5 Qg6 9. cxd4 Nxd4 10. Bxe7 Nxf3+ 11. Qxf3 Kxe7 12. e5 Kf8 13. Nc3 dxe5 14.
Rxe5 Bd6 15. Re4 Bf5 16. Ree1 c6 17. Qe3 h5 18. Rad1 Bc7 19. Qe7+ Kg8 20. Qxc7
h4 21. Rd3 Qg4 22. Qxf7+ Kh7 23. h3 Qg5 24. f4 Qg3 25. Qh5# 1-0

[Event "DEM U14w 2011"]
[Site "Oberhof GER"]
[Date "2011.06.12"]
[Round "1"]
[White "Bohdjalian, Roxanne"]
[Black "Schäfer, Annabelle"]
[Result "0-1"]
[Termination "normal"]
[Board "14"]
[WhiteElo "993"]
[BlackElo "1545"]
[PlyCount "70"]
[WhiteFideId "12937789"]
[BlackFideId "12917729"]
[EventCountry "GER"]
[EventRounds "9"]
[EventType "swiss"]
[EventDate "2011.06.11"]

1. e4 e5 2. Nf3 Nc6 3. d4 exd4 4. Nxd4 Nf6 5. Nxc6 bxc6 6. e5 Ne4 7. Be3 d5 8.
Bd3 Nc5 9. O-O Nxd3 10. cxd3 Be7 11. Qc2 Qd7 12. Nd2 O-O 13. Nf3 a5 14. d4 a4
15. Bg5 Bxg5 16. Nxg5 Qf5 17. Qxc6 Ba6 18. Rfe1 Qxg5 19. e6 fxe6 20. Qxe6+ Kh8
21. Rac1 Bc4 22. Rc3 Qf6 23. Qe3 Qf4 24. Qxf4 Rxf4 25. b3 axb3 26. axb3 Bb5 27.
Rc5 c6 28. Rc2 Rxd4 29. Ra2 Rf8 30. g3 h6 31. Ra7 Rb4 32. Ree7 Rxb3 33. Rxg7
Rb1+ 34. Kg2 Bf1+ 35. Kg1 Bh3# 0-1

[Event "DEM U14w 2011"]
[Site "Oberhof GER"]
[Date "2011.06.12"]
[Round "2"]
[White "Schäfer, Annabelle"]
[Black "Schwarz, Larissa"]
[Result "0-1"]
[Termination "normal"]
[Board "1"]
[WhiteElo "1545"]
[BlackElo "1748"]
[PlyCount "66"]
[WhiteFideId "12917729"]
[BlackFideId "24699004"]
[EventCountry "GER"]
[EventRounds "9"]
[EventType "swiss"]
[EventDate "2011.06.11"]

1. e4 c5 2. Nf3 e6 3. d4 cxd4 4. Nxd4 a6 5. c4 Nc6 6. Nc3 Qc7 7. Be3 Nf6 8. a3
Be7 9. Be2 O-O 10. O-O d6 11. Rc1 Bd7 12. f3 Rac8 13. Nd5 exd5 14. cxd5 Qb8 15.
dxc6 Bxc6 16. Nxc6 Rxc6 17. Rxc6 bxc6 18. b4 Qb7 19. Qa4 c5 20. Bxa6 Qa7 21. b5
d5 22. exd5 Nxd5 23. Bf2 Nb6 24. Qc2 Qc7 25. Rc1 c4 26. a4 Bb4 27. Be1 Bxe1 28.
Rxe1 Nd5 29. Rc1 c3 30. Qb3 Qb6+ 31. Kh1 Rd8 32. h3 Qf2 33. Qc2 Qd2 0-1

[Event "DEM U14w 2011"]
[Site "Oberhof GER"]
[Date "2011.06.12"]
[Round "2"]
[White "Koch, Elisabeth"]
[Black "Böhm, Jana"]
[Result "0-1"]
[Termination "normal"]
[Board "2"]
[WhiteElo "1538"]
[BlackElo "1743"]
[PlyCount "86"]
[WhiteFideId "24695068"]
[BlackFideId "24661589"]
[EventCountry "GER"]
[EventRounds "9"]
[EventType "swiss"]
[EventDate "2011.06.11"]

1. e4 Nf6 2. e5 Nd5 3. d4 d6 4. c4 Nb6 5. exd6 exd6 6. Nc3 Nc6 7. Be3 Bf5 8. a3
Be7 9. Nf3 O-O 10. Bd3 Qd7 11. Bxf5 Qxf5 12. d5 Ne5 13. Nxe5 Qxe5 14. Qd3 Bg5
15. O-O Bxe3 16. fxe3 Nd7 17. e4 Nc5 18. Qe3 f5 19. Rae1 Rae8 20. b4 Nxe4 21.
Nxe4 Qxe4 22. Qxe4 fxe4 23. Rxf8+ Kxf8 24. Kf2 Kf7 25. Kg3 Kf6 26. Kf4 g5+ 27.
Ke3 Ke5 28. Rd1 h5 29. Rd4 Kf5 30. Rd1 Re7 31. Rf1+ Ke5 32. Rd1 Rf7 33. h3 h4
34. Ke2 g4 35. hxg4 Rg7 36. Rh1 Rxg4 37. Kf2 Kf4 38. Rh2 e3+ 39. Ke2 Ke4 40. a4
Rf4 41. a5 Rf2+ 42. Ke1 Kd3 43. c5 Rb2 0-1

[Event "DEM U14w 2011"]
[Site "Oberhof GER"]
[Date "2011.06.12"]
[Round "2"]
[White "Rahimi, Anita"]
[Black "Nitzsche, Pia"]
[Result "1/2-1/2"]
[Termination "normal"]
[Board "4"]
[WhiteElo "1341"]
[BlackElo "1590"]
[PlyCount "39"]
[WhiteFideId "24692336"]
[BlackFideId "12900370"]
[EventCountry "GER"]
[EventRounds "9"]
[EventType "swiss"]
[EventDate "2011.06.11"]

1. d4 Nf6 2. Bf4 g6 3. Nf3 Bg7 4. e3 O-O 5. h3 d6 6. Bd3 Nbd7 7. c4 c5 8. O-O
b6 9. Nc3 Bb7 10. d5 Ne8 11. Rc1 Nc7 12. Re1 b5 13. a3 Nb6 14. b3 a5 15. e4 b4
16. axb4 axb4 17. Ne2 Nd7 18. Ng3 f6 19. Qd2 Rf7 20. Ra1 1/2-1/2

[Event "DEM U14w 2011"]
[Site "Oberhof GER"]
[Date "2011.06.12"]
[Round "2"]
[White "Rosmait, Emily"]
[Black "Bosse, Lea"]
[Result "0-1"]
[Termination "normal"]
[Board "5"]
[WhiteElo "1253"]
[BlackElo "1541"]
[PlyCount "72"]
[WhiteFideId "12937754"]
[BlackFideId "12900419"]
[EventCountry "GER"]
[EventRounds "9"]
[EventType "swiss"]
[EventDate "2011.06.11"]

1. e4 e6 2. d4 d5 3. Nd2 Be7 4. c3 c5 5. e5 Nc6 6. Ndf3 Qb6 7. Ne2 f6 8. Ng3
cxd4 9. cxd4 Bb4+ 10. Nd2 Qxd4 11. exf6 Nxf6 12. Be2 Bxd2+ 13. Qxd2 O-O 14. Qc2
Bd7 15. O-O Rac8 16. Be3 Qb4 17. Bc5 Nd4 18. Bxf8 Kxf8 19. Qd3 Rc2 20. a3 Qb6
21. Rfd1 e5 22. a4 Bc6 23. Qa3+ Ke8 24. Bd3 Nb5 25. Bxc2 Nxa3 26. bxa3 Qb2 27.
Rd2 Qxa1+ 28. Rd1 Qb2 29. Rd2 Qc1+ 30. Nf1 d4 31. Bb3 b5 32. Rc2 Qxa3 33. Rxc6
Qxb3 34. axb5 Qxb5 35. Rc7 a5 36. Rxg7 a4 0-1

[Event "DEM U14w 2011"]
[Site "Oberhof GER"]
[Date "2011.06.12"]
[Round "2"]
[White "Heinemann, Josefine"]
[Black "Gaßmann, Linda"]
[Result "1/2-1/2"]
[Termination "normal"]
[Board "6"]
[WhiteElo "1716"]
[BlackElo "1799"]
[PlyCount "112"]
[WhiteFideId "12900460"]
[BlackFideId "12900451"]
[EventCountry "GER"]
[EventRounds "9"]
[EventType "swiss"]
[EventDate "2011.06.11"]

1. e4 e5 2. Nf3 Nf6 3. Nxe5 d6 4. Nf3 Nxe4 5. d4 d5 6. Bd3 Be7 7. O-O Nc6 8.
Re1 Nf6 9. h3 O-O 10. Bf4 Re8 11. Be5 Nd7 12. Bh2 Nb6 13. Nbd2 Be6 14. c3 Bd6
15. Ne5 Nxe5 16. Bxe5 Bxe5 17. Rxe5 Bd7 18. Nf3 Rxe5 19. Nxe5 h6 20. Bc2 Qf6
21. Qd3 g6 22. Bb3 c6 23. Re1 Bf5 24. Qd2 Kg7 25. Bc2 Bxc2 26. Qxc2 h5 27. Re3
Rf8 28. b3 Qd6 29. Rg3 Nd7 30. f4 Nxe5 31. fxe5 Qe6 32. Qd3 Rd8 33. Rf3 Rd7 34.
Rf6 Qe8 35. Kf2 Re7 36. Qf3 Re6 37. Rf4 Qe7 38. b4 b5 39. g3 a6 40. a3 Qd7 41.
h4 Qe7 42. Ke3 Qd7 43. Kf2 Qe7 44. Kg1 Qd7 45. Rf6 Qe7 46. Rxe6 fxe6 47. Kf2
Qf7 48. Qxf7+ Kxf7 49. Kf3 Kg7 50. Kf4 Kf8 51. g4 hxg4 52. Kxg4 Kg8 53. Kf4 Kf8
54. Kg5 Kg7 55. h5 gxh5 56. Kxh5 Kh7 1/2-1/2